20 anys amb el Bibliobús El Castellot : vine a celebrar-ho! vine a celebrar-ho!

Publicado: Barcelona : Xarxa de Biblioteques Municipals , 2015
Descripción Física: 1 punt de llibre ; il. col. ; 19 x 5 cm.
Idioma: Catalán

MARC

LEADER 00000nrm a22000007a 4500
001 27207
003 Arxiu
005 20260324181149.0
008 230109b spa||||| |||| 00| 0 cat d
017 |a B 19130-2015 
040 |a agdb  |b cat 
041 |a cat 
245 |a 20 anys amb el Bibliobús El Castellot :   |b vine a celebrar-ho! 
260 |a Barcelona :   |b Xarxa de Biblioteques Municipals ;   |c 2015 
300 |a 1 punt de llibre ;   |b il. col. ;   |c 19 x 5 cm. 
610 2 0 |9 52877  |a Bibliobús El Castellot 
650 0 |a Bibliobusos  |z Barcelona (Província)  |x Activitats culturals  |9 49254 
655 0 |9 52700  |a Punts de llibre  
710 1 |9 52650  |a Barcelona (Catalunya : Província).  |b Xarxa de Biblioteques Municipals 
942 |2 udc  |c ARXIU  |n 1 
952 |0 0  |1 0  |2 udc  |4 0  |6 NBM16127  |7 1  |9 64949  |a Arxiu  |b Arxiu  |d 2023-01-09  |l 0  |o NBM-16-127  |p 27207  |r 2023-01-09 00:00:00  |w 2023-01-09  |y ARXIU 
999 |c 82909  |d 82909